00720cam a22002293a 45000010005000000030006000050050017000110080041000280400015000690420007000840500007000911000029000982450111001272600029002385060030002675160020002976530035003176530048003527000021004008300028004218560041004495547PGUSA20140828083121.0040401s2004||||xxu|||||s|||||000 1 eng d aPGUSAbeng adc 4aPT1 aEbers, Georg,d1837-189810aIn the Fire of the Forge :bA Romance of Old Nuremberg — Volume 05h[electronic resource] /cGeorg Ebers bProject Gutenberg,c2004 aPublic domain in the USA. aElectronic text aNuremberg (Germany) -- Fiction aGerman fiction -- Translations into English1 aSafford, Mary J. 0aProject Gutenbergv554740uhttp://www.gutenberg.org/ebooks/5547